000 00297nam a22001337a 4500
008 170714b xxu||||| |||| 00| 0 eng d
020 _a9780070681521
041 _aeng
080 _a05
100 _a22
101 _aGJL
245 _aINTRODUCTION TO LINGUISTICS
_cWARDHAUGH,R
942 _2udc
_cBK
999 _c20772
_d20772